000 nam a22 7a 4500
999 _c15457
_d15457
008 161101b xxu||||| |||| 00| 0 eng d
020 _a 9780323052511
050 _aR 121 .O24 2009
100 _aOchs,Geralyn
245 _aStudy guide and skills performance checklists for Potter/Perry Fundamentals of nursing/
_cGeralyn Ochs,Anne Griffin Perry and Patricia Ann Potter
250 _a7th ed.
260 _aSt. Louis, Mo. :
_bMosby Elsevier,
_cc2009
300 _ax, 382p. :
_bill. ;
650 _2Nursing
650 _aNursing
_yPractice
700 _aPerry,Anne Griffin
700 _aPotter,Patricia Ann
942 _2lcc
_cBOOKS
_hR 121 .O24 2009